Время / (Record no. 456725)
[ view plain ]
| 000 -LEADER | |
|---|---|
| fixed length control field | 00434nam-a2200169-a-4500 |
| 001 - CONTROL NUMBER | |
| control field | YSU0058292 |
| 003 - CONTROL NUMBER IDENTIFIER | |
| control field | AM-YEHGA |
| 005 - DATE AND TIME OF LATEST TRANSACTION | |
| control field | 20250617160615.0 |
| 008 - FIXED-LENGTH DATA ELEMENTS--GENERAL INFORMATION | |
| fixed length control field | 990507s1922 xxu 000 0 rus u |
| 040 ## - CATALOGING SOURCE | |
| Original cataloging agency | AM-YeHGA |
| 090 ## - LOCALLY ASSIGNED LC-TYPE CALL NUMBER (OCLC); LOCAL CALL NUMBER (RLIN) | |
| -- | 459750 |
| 100 10 - MAIN ENTRY--PERSONAL NAME | |
| Personal name | Ферсман, А.Е. |
| 245 10 - TITLE STATEMENT | |
| Title | Время / |
| Statement of responsibility, etc. | А.Е. Ферсман |
| 260 0# - PUBLICATION, DISTRIBUTION, ETC. | |
| Place of publication, distribution, etc. | С.-Петербург : |
| Name of publisher, distributor, etc. | Время , |
| Date of publication, distribution, etc. | 1922. |
| 300 ## - PHYSICAL DESCRIPTION | |
| Extent | 72 с. |
| 650 #4 - SUBJECT ADDED ENTRY--TOPICAL TERM | |
| Topical term or geographic name entry element | Время |
| Withdrawn status | Lost status | Damaged status | Not for loan | Collection | Home library | Current library | Date acquired | Total checkouts | Full call number | Barcode | Date last seen | Price effective from | Koha item type | Public note |
|---|---|---|---|---|---|---|---|---|---|---|---|---|---|---|
| General | Fundamental Scientific Library | Fundamental Scientific Library | 27/01/2021 | РД I/13720 | FL0636338 | 27/01/2021 | 27/01/2021 | Գրքեր / Books | 30 Days Loan |
ՀՀ Գիտությունների ազգային ակադեմիայի հիմնարար գիտական գրադարան = Fundamental Scientific Library of NAS RA
All site content, except where otherwise noted, is licensed under a